LEADER 01339nam0-2200397li-450 001 990000136900203316 005 20180312154827.0 035 $a0013690 035 $aUSA010013690 035 $a(ALEPH)000013690USA01 035 $a0013690 100 $a2001990041981-------y0itay0103----ba 101 0 $aita 102 $aIT 200 1 $aGuida mondiale dei transistori$eequivalenze, caratteristiche elettriche e meccaniche, fabbricanti, distributori$fT.D.Towers 205 $aEd. italiana 210 $aMilano$cJackson$d1981 215 $a287 p$d26 cm. 312 $aTrad. di: towers' international transistors selector 312 $aTrad. di: Towers' international transitor selector 454 0$12001$aTowers' international transitor selector$91501214 610 1 $atransistors 676 $a621.381 700 1$aTowers,$bThomas Dundas$050971 801 $aSistema bibliotecario di Ateneo dell' Università di Salerno$gRICA 912 $a990000136900203316 951 $a621.381 TOW$b10116/CBS$c621.381$d00327116 959 $aBK 969 $aSCI 979 $c19900424 979 $c20001110$lUSA01$h1711 979 $c20020403$lUSA01$h1621 979 $aPATRY$b90$c20040406$lUSA01$h1610 979 $aRSIAV6$b90$c20090911$lUSA01$h1234 996 $aTowers' international transitor selector$91501214 997 $aUNISA LEADER 01134nam0-2200289 --450 001 9910280354003321 005 20240923161822.0 100 $a20180723d1980----kmuy0itay5050 ba 101 1 $aita$aeng 102 $aIT 105 $ay c 001yy 200 1 $aProgetto finalizzato energetica$estati di avanzamento delle ricerche in materia di risparmio di energia e di utilizzazione delle fonti di energia integrative tratti dalla banca dati del PFE$fConsiglio Nazionale delle Ricerche 210 $aRoma$cCNR$d1980 215 $aLII, 575 p.$d30 cm 510 1 $aFinalized energy programme$eState of the art of researches on energy savings and on the use of integrative energy sources as from Finalized Energy Programme data-base 610 0 $aRisparmio energetico 676 $a621.042$v23$zita 710 02$aConsiglio nazionale delle ricerche$01291 801 0$aIT$bUNINA$gREICAT$2UNIMARC 901 $aBK 912 $a9910280354003321 952 $a19.1035$b1005/2018$fDARST 952 $aA AGR 864$b11978/2024$fFAGBC 959 $aDARST 959 $aFAGBC 996 $aProgetto finalizzato energetica$9236581 997 $aUNINA